000 01401nam a2200325 4500
001 0000018365
003 CO-CtgCURN
005 20250508143239.0
007 ta
008 160627s2002 000 0 eng d
020 _a9583331783
040 _aCO-CtgCURN
_bspa
_ccoctgcurn
082 0 _a337
_bC14e
100 1 _aCaicedo Millan, Allex Yamil.
245 1 0 _aEconomia internacional :
_bperspectiva latinoamericana /
_cAllex Yamil Caicedo Millan , editor J. Federico Rivera Ochoa.
260 _aBogotá :
_bTecnoPress,
_c2002.
300 _axviii, 294 p.
336 _2rdacontent
337 _2rdamedia
_asin mediacion
_bn
338 _2rdacarrier
_avolumen
_bnc
500 _aIncluye glosario (p. 283-289)
505 8 _aContexto economico internacional.--Teoria del comercio internacional.--Comercio internacional y competitividad.--Políticas comerciales.--Economia política de la política comercial.--Tipos de cambio y mercado de divisas.--Integracion economica y monetaria.--Acuerdos de integracion.--Mega bloques geoeconomicos
650 1 4 _aEconomia internacional
_zAmerica Latina.
700 1 _aRivera Ochoa, J. Federico.
908 _a160627
942 _cBK
_h337
_iC14e
_2ddc
_n0
999 _c18487
_d18487